000
00343nam a2200157Ia 4500
100
_a
Sharma/Robin
650
_a
General
942
_c
BK
366
_f
15
654
_a
monk
245
_a
The monk who sold his ferrari
260
_b
Jaico Publishing House
_a
Mumbai
_c
2006
082
_a
303.34/SHA
_b
SHA
300
_a
198
546
_a
ENGLISH
999
_c
34082
_d
34082